LEADER 00892nam0-22003131i-450 001 990001811190403321 005 20190529131436.0 035 $a000181119 035 $aFED01000181119 035 $a(Aleph)000181119FED01 035 $a000181119 100 $a20021010d1997----km-y0itay50------ba 101 0 $aita 200 1 $a<>imbrunimento interno della pera "Passa Crassana"$fGian Carlo Pratella. 210 $aBologna$c...$d1997. 215 $ap. 71-73$d30 cm 300 $aEstr. da: Rivista di Frutticoltura, 1997, n. 12 610 0 $aFrutticoltura 610 0 $aPere 676 $a634 700 1$aPratella,$bGian Carlo$075391 801 0$aIT$bUNINA$gRICA$2UNIMARC 901 $aLG 912 $a990001811190403321 952 $a60 OP. 142/52$fFAGBC 959 $aFAGBC 996 $aImbrunimento interno della pera "Passa Crassana"$9410503 997 $aUNINA DB $aING01 LEADER 02177nam0 22005053i 450 001 VAN00298619 005 20251125105314.164 017 70$2N$a9781461205913 100 $a20250922d1998 |0itac50 ba 101 $aeng 102 $aUS 105 $a|||| ||||| 181 $ai$b e 182 $ab 183 $acr 200 1 $aRobust Control Theory in Hilbert Space$fAvraham Feintuch 210 $aNew York$cSpringer$d1998 215 $axv, 225 p.$cill.$d24 cm 410 1$1001VAN00023717$12001 $aApplied mathematical sciences$1210 $aBerlin [etc]$cSpringer$d1971-$v130 606 $a47N70$xApplications of operator theory in systems, signals, circuits, and control theory [MSC 2020]$3VANC031439$2MF 606 $a93-XX$xSystems theory; control [MSC 2020]$3VANC027040$2MF 606 $a93B28$xOperator-theoretic methods [MSC 2020]$3VANC021644$2MF 606 $a93B35$xSensitivity (robustness) [MSC 2020]$3VANC022855$2MF 606 $a93B36$x$H^\infty$-control [MSC 2020]$3VANC022852$2MF 606 $a93C25$xControl/observation systems in abstract spaces [MSC 2020]$3VANC028713$2MF 606 $a93Cxx$xModel systems in control theory [MSC 2020]$3VANC022769$2MF 610 $aControl$9KW:K 610 $aControl theory$9KW:K 610 $aHilbert spaces$9KW:K 610 $aOperator theory$9KW:K 610 $aOptimal Control$9KW:K 610 $aRobust Control$9KW:K 610 $aStability$9KW:K 610 $aStabilization$9KW:K 620 $aUS$dNew York$3VANL000011 700 1$aFeintuch$bAvraham$3VANV247766$056797 712 $aSpringer $3VANV108073$4650 801 $aIT$bSOL$c20251128$gRICA 856 4 $uhttps://doi.org/10.1007/978-1-4612-0591-3$zE-book ? Accesso al full-text attraverso riconoscimento IP di Ateneo, proxy e/o Shibboleth 899 $aBIBLIOTECA DEL DIPARTIMENTO DI MATEMATICA E FISICA$1IT-CE0120$2VAN08 912 $fN 912 $aVAN00298619 950 $aBIBLIOTECA DEL DIPARTIMENTO DI MATEMATICA E FISICA$d08DLOAD e-Book 12873 $e08eMF12873 20251028 996 $aRobust control theory in Hilbert space$983472 997 $aUNICAMPANIA